[Event "Split Open 2016"]
[Site "Split CRO"]
[Date "2016.08.14"]
[Round "3.16"]
[White "Poliakov, Artem"]
[Black "Stocko, Josip"]
[Result "0-1"]
[WhiteElo "2134"]
[BlackElo "2326"]
[PlyCount "65"]
[EventDate "2016.08.13"]
[EventType "swiss"]
[EventRounds "9"]
[EventCountry "CRO"]
[SourceTitle "Ajedrez en Madrid"]
[Source "lmi"]
[SourceDate "2016.08.13"]
[SourceVersion "1"]
[SourceVersionDate "2018.03.10"]
[SourceQuality "1"]

1. d4 Nf6 2. c4 e6 3. Nc3 Bb4 4. e3 O-O 5. Nge2 Re8 6. a3 Bf8 7. Ng3 b6 8. Be2
Bb7 9. O-O d5 10. cxd5 exd5 11. b4 Nbd7 12. Bb2 Ne4 13. Qd3 a5 14. b5 Qh4 15.
Bf3 Bd6 16. Nce2 Re6 17. Bxe4 dxe4 18. Qc4 Qg5 19. Nf4 Rh6 20. d5 Nc5 21. h3
Re8 22. Bd4 Nd3 23. Nxd3 Bxd5 24. Qc3 exd3 25. e4 Bxe4 26. Be3 Qf6 27. Nxe4
Rxe4 28. Qc6 Rhh4 29. g3 Qg6 30. Kh2 h6 31. Rg1 Qf5 32. Kg2 Qf3+ 33. Kxf3 0-1

[Event "Split Open 2016"]
[Site "Split CRO"]
[Date "2016.08.14"]
[Round "3.17"]
[White "Aronsson, Marten"]
[Black "Meertens, Martin"]
[Result "1-0"]
[WhiteElo "2317"]
[BlackElo "2142"]
[PlyCount "115"]
[EventDate "2016.08.13"]
[EventType "swiss"]
[EventRounds "9"]
[EventCountry "CRO"]
[SourceTitle "Ajedrez en Madrid"]
[Source "lmi"]
[SourceDate "2016.08.13"]
[SourceVersion "1"]
[SourceVersionDate "2018.03.10"]
[SourceQuality "1"]

1. c4 c6 2. Nf3 Nf6 3. Nc3 d5 4. e3 a6 5. b3 Bg4 6. Be2 Nbd7 7. Qc2 e6 8. Bb2
Bd6 9. d3 O-O 10. O-O Qc7 11. h3 Bh5 12. Rac1 Rac8 13. Qd2 Rfd8 14. cxd5 exd5
15. Nh4 Bxe2 16. Nxe2 Re8 17. Rc2 Bh2+ 18. Kh1 Be5 19. Nd4 Qd8 20. Nhf3 Bd6 21.
Rfc1 Ne5 22. b4 Nxf3 23. Nxf3 Qe7 24. a3 Ra8 25. Bd4 Nd7 26. Qc3 f6 27. Re1 a5
28. Bc5 axb4 29. axb4 Ra4 30. Nd4 g6 31. Nb3 Ra3 32. Ra1 Rea8 33. Rxa3 Rxa3 34.
Qb2 Ra8 35. Bxd6 Qxd6 36. Nc5 Nxc5 37. bxc5 Qe7 38. Rc3 Ra5 39. d4 Rb5 40. Rb3
Rxb3 41. Qxb3 Qc7 42. g3 Kg7 43. Kg2 Kf7 44. e4 Qd7 45. f4 Ke8 46. g4 Kf8 47.
e5 fxe5 48. fxe5 h5 49. Qf3+ Kg8 50. gxh5 gxh5 51. Qxh5 Qd8 52. Kg3 Qa5 53.
Qg5+ Kh7 54. Kg4 b5 55. Qf5+ Kh6 56. Qe6+ Kh7 57. Qf7+ Kh6 58. Kf5 1-0

[Event "Split Open 2016"]
[Site "Split CRO"]
[Date "2016.08.14"]
[Round "3.19"]
[White "Drnovšek, Gal"]
[Black "Glavicic, Tino"]
[Result "1/2-1/2"]
[WhiteElo "2367"]
[BlackElo "2049"]
[PlyCount "98"]
[EventDate "2016.08.13"]
[EventType "swiss"]
[EventRounds "9"]
[EventCountry "CRO"]
[SourceTitle "Ajedrez en Madrid"]
[Source "lmi"]
[SourceDate "2016.08.13"]
[SourceVersion "1"]
[SourceVersionDate "2018.03.10"]
[SourceQuality "1"]

1. d4 Nf6 2. c4 e6 3. Nc3 d5 4. cxd5 exd5 5. Bg5 c6 6. Qc2 Be7 7. e3 O-O 8. Bd3
Nbd7 9. Nge2 Re8 10. f3 Nf8 11. O-O Nh5 12. Bxe7 Rxe7 13. e4 g6 14. e5 f5 15.
Qd2 Be6 16. h3 Nd7 17. g4 Ng7 18. Nf4 Rf7 19. Nce2 Qg5 20. Qe1 fxg4 21. Qg3
Raf8 22. h4 Qe7 23. fxg4 c5 24. Rae1 cxd4 25. Nxd4 Qc5 26. Qe3 Bxg4 27. b4 Qxb4
28. Nxd5 Qc5 29. Rxf7 Rxf7 30. Rc1 Qxd5 31. Rc8+ Nf8 32. Bc4 Qd7 33. Bxf7+ Qxf7
34. Rb8 a6 35. Qg5 h5 36. Qd8 Nge6 37. Nxe6 Bxe6 38. Qb6 Bd5 39. Qd6 Bxa2 40.
Rc8 Bd5 41. Rxf8+ Qxf8 42. Qxd5+ Qf7 43. e6 Qe7 44. Qd7 Kf8 45. Qc8+ Kg7 46.
Qc3+ Kg8 47. Qc8+ Kg7 48. Qc3+ Kg8 49. Qc8+ Kg7 1/2-1/2

[Event "Split Open 2016"]
[Site "Split CRO"]
[Date "2016.08.15"]
[Round "4.1"]
[White "Stocko, Josip"]
[Black "Kozul, Zdenko"]
[Result "0-1"]
[WhiteElo "2326"]
[BlackElo "2619"]
[PlyCount "42"]
[EventDate "2016.08.13"]
[EventType "swiss"]
[EventRounds "9"]
[EventCountry "CRO"]
[SourceTitle "Ajedrez en Madrid"]
[Source "lmi"]
[SourceDate "2016.08.13"]
[SourceVersion "1"]
[SourceVersionDate "2018.03.10"]
[SourceQuality "1"]

1. e4 c5 2. Nf3 d6 3. d4 cxd4 4. Nxd4 Nf6 5. Nc3 a6 6. h3 e6 7. g4 b5 8. g5
Nfd7 9. a3 Bb7 10. Be3 Nc6 11. h4 Rc8 12. f4 Na5 13. h5 Nc4 14. Bc1 Qb6 15. Rh3
d5 16. g6 Bc5 17. gxf7+ Kxf7 18. Nf3 Bf2+ 19. Ke2 Rhe8 20. e5 Kg8 21. Rh2 Be3
0-1

[Event "Split Open 2016"]
[Site "Split CRO"]
[Date "2016.08.15"]
[Round "4.2"]
[White "Brkic, Ante"]
[Black "Armanda, Ivica"]
[Result "1-0"]
[WhiteElo "2577"]
[BlackElo "2335"]
[PlyCount "69"]
[EventDate "2016.08.13"]
[EventType "swiss"]
[EventRounds "9"]
[EventCountry "CRO"]
[SourceTitle "Ajedrez en Madrid"]
[Source "lmi"]
[SourceDate "2016.08.13"]
[SourceVersion "1"]
[SourceVersionDate "2018.03.10"]
[SourceQuality "1"]

1. e4 Nf6 2. e5 Nd5 3. d4 Nb6 4. Nf3 d5 5. Be2 Bg4 6. Be3 e6 7. Nbd2 N8d7 8.
O-O Be7 9. h3 Bh5 10. Nh2 Bxe2 11. Qxe2 c5 12. c3 Qc7 13. f4 g6 14. g4 h5 15.
f5 gxf5 16. gxf5 O-O-O 17. f6 Rdg8+ 18. Kh1 Bf8 19. Nhf3 Nc4 20. Nxc4 dxc4 21.
Qxc4 Qc6 22. Qe2 Rg3 23. Kh2 Rhg8 24. Rg1 Qxf3 25. Qxf3 Rxf3 26. Rxg8 Rxe3 27.
Rd1 Kc7 28. Rg7 Re2+ 29. Kg3 h4+ 30. Kf3 Rh2 31. Rxf7 Rxh3+ 32. Kg4 Re3 33.
dxc5 h3 34. Rdxd7+ Kc6 35. Rc7+ 1-0

[Event "Split Open 2016"]
[Site "Split CRO"]
[Date "2016.08.15"]
[Round "4.3"]
[White "Martinovic, Saša"]
[Black "Aronsson, Marten"]
[Result "1-0"]
[WhiteElo "2560"]
[BlackElo "2317"]
[PlyCount "52"]
[EventDate "2016.08.13"]
[EventType "swiss"]
[EventRounds "9"]
[EventCountry "CRO"]
[SourceTitle "Ajedrez en Madrid"]
[Source "lmi"]
[SourceDate "2016.08.13"]
[SourceVersion "1"]
[SourceVersionDate "2018.03.10"]
[SourceQuality "1"]

1. d4 Nf6 2. c4 g6 3. Nc3 Bg7 4. e4 O-O 5. Nf3 c6 6. Be2 d6 7. Be3 Nbd7 8. Nd2
e5 9. d5 a5 10. g4 Nc5 11. h4 Ne8 12. Qc2 f5 13. gxf5 gxf5 14. O-O-O Nxe4 15.
Ndxe4 fxe4 16. h5 Bf5 17. Rhg1 Kh8 18. Bg4 Bxg4 19. Rxg4 Nf6 20. Rg2 Ne8 21.
Nxe4 cxd5 22. Ng5 e4 23. Ne6 Qh4 24. Nxg7 Rc8 25. Nxe8 Rxc4 26. Qxc4 dxc4 1-0

[Event "Split Open 2016"]
[Site "Split CRO"]
[Date "2016.08.15"]
[Round "4.4"]
[White "Biliškov, Vjekoslav"]
[Black "Cvitan, Ognjen"]
[Result "0-1"]
[WhiteElo "2281"]
[BlackElo "2506"]
[PlyCount "59"]
[EventDate "2016.08.13"]
[EventType "swiss"]
[EventRounds "9"]
[EventCountry "CRO"]
[SourceTitle "Ajedrez en Madrid"]
[Source "lmi"]
[SourceDate "2016.08.13"]
[SourceVersion "1"]
[SourceVersionDate "2018.03.10"]
[SourceQuality "1"]

1. e4 c5 2. Nf3 d6 3. c3 Nf6 4. Be2 g6 5. O-O Bg7 6. Bb5+ Bd7 7. Bxd7+ Nbxd7 8.
Re1 O-O 9. d4 Rc8 10. d5 c4 11. Na3 Nc5 12. Nxc4 Ncxe4 13. Ne3 Re8 14. Nd4 Qb6
15. a4 a6 16. a5 Qc7 17. f3 Nc5 18. c4 e6 19. b4 Ncd7 20. dxe6 fxe6 21. Bb2 Ne5
22. Rc1 b6 23. axb6 Qxb6 24. Ba3 Nfd7 25. Kh1 Bh6 26. Rc2 Bxe3 27. c5 dxc5 28.
bxc5 Nxc5 29. Rb2 Ncd3 30. Qxd3 0-1

[Event "Split Open 2016"]
[Site "Split CRO"]
[Date "2016.08.15"]
[Round "4.5"]
[White "Šale, Srdan"]
[Black "Thorarinsson, Pall A."]
[Result "1/2-1/2"]
[WhiteElo "2420"]
[BlackElo "2270"]
[PlyCount "97"]
[EventDate "2016.08.13"]
[EventType "swiss"]
[EventRounds "9"]
[EventCountry "CRO"]
[SourceTitle "Ajedrez en Madrid"]
[Source "lmi"]
[SourceDate "2016.08.13"]
[SourceVersion "1"]
[SourceVersionDate "2018.03.10"]
[SourceQuality "1"]

1. e4 g6 2. d4 Bg7 3. Nc3 d6 4. Nf3 a6 5. Be3 b5 6. Bd3 Bb7 7. O-O Nd7 8. a4 b4
9. Ne2 Ngf6 10. Ng3 O-O 11. c3 bxc3 12. bxc3 e5 13. dxe5 dxe5 14. Rb1 Bc8 15.
a5 c5 16. Qa4 Qc7 17. h3 Bb7 18. Nd2 Rfb8 19. Bc4 Ne8 20. Bd5 Nd6 21. c4 Bxd5
22. cxd5 Rb5 23. Ra1 f5 24. exf5 gxf5 25. f4 e4 26. Nh5 Bxa1 27. Qxa1 Ne8 28.
Nc4 Rab8 29. Bd2 Qb7 30. Nd6 Qxd5 31. Nxb5 axb5 32. Bc3 b4 33. Rd1 Qf7 34. Be5
Nxe5 35. Qxe5 Qxh5 36. Rd7 Rc8 37. Qe6+ Kh8 38. Rf7 Qd1+ 39. Kh2 Qd6 40. Qxf5
Qg6 41. Qe5+ Ng7 42. Re7 Rf8 43. a6 Qf6 44. a7 Qxe5 45. Rxe5 Ra8 46. Rxc5 Ne6
47. Re5 Nc7 48. Rxe4 Rxa7 49. Rxb4 1/2-1/2

[Event "Split Open 2016"]
[Site "Split CRO"]
[Date "2016.08.15"]
[Round "4.6"]
[White "Katavic, Borivoj"]
[Black "Plenca, Julijan"]
[Result "1/2-1/2"]
[WhiteElo "2168"]
[BlackElo "2410"]
[PlyCount "107"]
[EventDate "2016.08.13"]
[EventType "swiss"]
[EventRounds "9"]
[EventCountry "CRO"]
[SourceTitle "Ajedrez en Madrid"]
[Source "lmi"]
[SourceDate "2016.08.13"]
[SourceVersion "1"]
[SourceVersionDate "2018.03.10"]
[SourceQuality "1"]

1. Nf3 c5 2. g3 Nc6 3. Bg2 e5 4. e4 Nf6 5. d3 d5 6. Nbd2 dxe4 7. dxe4 h6 8. O-O
Be6 9. c3 Be7 10. Qe2 Qb6 11. h3 O-O 12. Re1 Rfd8 13. Nc4 Qc7 14. Nh4 Bf8 15.
Nf5 Qc8 16. g4 Bxc4 17. Qxc4 Qe6 18. Qe2 Ne7 19. Qf3 Nh7 20. h4 Qf6 21. Qg3 c4
22. g5 hxg5 23. hxg5 Nxf5 24. exf5 Qxf5 25. Be4 Qe6 26. Qh4 f5 27. gxf6 Nxf6
28. Bg5 Nxe4 29. Rxe4 Rd7 30. Rxc4 Rf7 31. Be3 Qd5 32. Qe4 Qe6 33. Qg4 Qf6 34.
Rd1 Re8 35. Rd7 Re6 36. Rcc7 Rxd7 37. Rxd7 b5 38. Rxa7 Rc6 39. a3 Rc4 40. Qg2
Qe6 41. Kf1 Rg4 42. Qh1 e4 43. Ke2 Qc4+ 44. Kd2 Rg6 45. Kc2 Rd6 46. Qe1 Qd3+
47. Kc1 Rg6 48. Qd1 Qc4 49. Rd7 b4 50. axb4 Qa6 51. Qd5+ Kh7 52. Qh5+ Kg8 53.
Qd5+ Kh7 54. Qh5+ 1/2-1/2

[Event "Split Open 2016"]
[Site "Split CRO"]
[Date "2016.08.15"]
[Round "4.7"]
[White "Tomazini, Aljoša"]
[Black "Muha, Miljenko"]
[Result "1-0"]
[WhiteElo "2365"]
[BlackElo "2214"]
[PlyCount "70"]
[EventDate "2016.08.13"]
[EventType "swiss"]
[EventRounds "9"]
[EventCountry "CRO"]
[SourceTitle "Ajedrez en Madrid"]
[Source "lmi"]
[SourceDate "2016.08.13"]
[SourceVersion "1"]
[SourceVersionDate "2018.03.10"]
[SourceQuality "1"]

1. d4 Nf6 2. c4 g6 3. Nc3 d5 4. cxd5 Nxd5 5. Na4 Bg7 6. e4 Nb6 7. Be3 O-O 8.
Nf3 Bg4 9. Nc5 Nc6 10. Nxb7 Qb8 11. Ba6 Bxf3 12. gxf3 e5 13. d5 Nd4 14. Nc5 Qd8
15. Be2 Rc8 16. Rc1 Qd6 17. Nb3 c5 18. dxc6 Rfd8 19. O-O Rxc6 20. Rxc6 Qxc6 21.
Nxd4 exd4 22. Bg5 Bf6 23. Bb5 Qe6 24. Qd2 Qe5 25. Bxf6 Qxf6 26. Kg2 a6 27. Bxa6
Nd7 28. Bd3 Ne5 29. f4 Qh4 30. h3 Nxd3 31. Qxd3 Qxf4 32. b4 Re8 33. Re1 Re5 34.
Qxd4 Rg5+ 35. Kf1 Qf3 1-0

[Event "Split Open 2016"]
[Site "Split CRO"]
[Date "2016.08.15"]
[Round "4.8"]
[White "Jaracz, Pawel"]
[Black "Grinblat, Artemiy"]
[Result "1/2-1/2"]
[WhiteElo "2477"]
[BlackElo "2176"]
[PlyCount "48"]
[EventDate "2016.08.13"]
[EventType "swiss"]
[EventRounds "9"]
[EventCountry "CRO"]
[SourceTitle "Ajedrez en Madrid"]
[Source "lmi"]
[SourceDate "2016.08.13"]
[SourceVersion "1"]
[SourceVersionDate "2018.03.10"]
[SourceQuality "1"]

1. Nf3 d5 2. c4 d4 3. g3 c5 4. Bg2 Nc6 5. O-O e5 6. d3 h6 7. e3 Nf6 8. exd4
exd4 9. Bf4 Be7 10. Ne5 Nxe5 11. Bxe5 O-O 12. Re1 Bd6 13. Bxf6 Qxf6 14. Nd2 Rb8
15. Ne4 Qd8 16. Qh5 b6 17. Nxd6 Qxd6 18. Qe5 Qxe5 19. Rxe5 Bb7 20. Re7 Bxg2 21.
Kxg2 Rfe8 22. Rxa7 Re2 23. b3 Rbe8 24. Kf1 R8e6 1/2-1/2

[Event "Split Open 2016"]
[Site "Split CRO"]
[Date "2016.08.15"]
[Round "4.9"]
[White "Slamar, Velimir"]
[Black "Von Bahr, Oskar"]
[Result "0-1"]
[WhiteElo "2138"]
[BlackElo "2378"]
[PlyCount "52"]
[EventDate "2016.08.13"]
[EventType "swiss"]
[EventRounds "9"]
[EventCountry "CRO"]
[SourceTitle "Ajedrez en Madrid"]
[Source "lmi"]
[SourceDate "2016.08.13"]
[SourceVersion "1"]
[SourceVersionDate "2018.03.10"]
[SourceQuality "1"]

1. d4 Nf6 2. c4 g6 3. Nc3 d5 4. cxd5 Nxd5 5. e4 Nxc3 6. bxc3 Bg7 7. Be3 c5 8.
Rc1 Qa5 9. Qd2 cxd4 10. cxd4 Qxd2+ 11. Kxd2 O-O 12. Nf3 Nc6 13. d5 Rd8 14. Ke1
Na5 15. Bb5 f5 16. Bd2 b6 17. Bxa5 bxa5 18. e5 Rb8 19. Bc4 Bh6 20. d6+ Kf8 21.
Rd1 exd6 22. exd6 Rb4 23. Be2 Re4 24. Kf1 Rxe2 25. Kxe2 Ba6+ 26. Rd3 Re8+ 0-1

[Event "Split Open 2016"]
[Site "Split CRO"]
[Date "2016.08.15"]
[Round "4.10"]
[White "Yrjola, Jouni"]
[Black "Krnic, Ivan"]
[Result "1-0"]
[WhiteElo "2344"]
[BlackElo "2151"]
[PlyCount "71"]
[EventDate "2016.08.13"]
[EventType "swiss"]
[EventRounds "9"]
[EventCountry "CRO"]
[SourceTitle "Ajedrez en Madrid"]
[Source "lmi"]
[SourceDate "2016.08.13"]
[SourceVersion "1"]
[SourceVersionDate "2018.03.10"]
[SourceQuality "1"]

1. d4 Nf6 2. c4 g6 3. Nc3 Bg7 4. e4 d6 5. h3 O-O 6. Bg5 c5 7. d5 e6 8. Bd3 exd5
9. cxd5 Qa5 10. Nf3 c4 11. Bc2 Nbd7 12. O-O Re8 13. Re1 a6 14. Bf4 Qc7 15. a4
Nh5 16. Be3 Ne5 17. Nd4 Qe7 18. f4 Nd3 19. Bxd3 cxd3 20. Qxd3 Qh4 21. Nf3 Nxf4
22. Qd2 Nxh3+ 23. gxh3 Qxh3 24. Ng5 Qg4+ 25. Qg2 h6 26. Nf3 Qh5 27. Bf4 Bh3 28.
Qg3 g5 29. Bxd6 g4 30. Nh4 Bd4+ 31. Kh1 Bf6 32. Nf5 Qg6 33. Qf2 Rad8 34. Bg3 h5
35. e5 Bg5 36. d6 1-0

[Event "Split Open 2016"]
[Site "Split CRO"]
[Date "2016.08.15"]
[Round "4.14"]
[White "Luetic, Ante"]
[Black "Srbiš, Jurica"]
[Result "0-1"]
[WhiteElo "2059"]
[BlackElo "2426"]
[PlyCount "80"]
[EventDate "2016.08.13"]
[EventType "swiss"]
[EventRounds "9"]
[EventCountry "CRO"]
[SourceTitle "Ajedrez en Madrid"]
[Source "lmi"]
[SourceDate "2016.08.13"]
[SourceVersion "1"]
[SourceVersionDate "2018.03.10"]
[SourceQuality "1"]

1. c4 c5 2. Nc3 Nf6 3. Nf3 Nc6 4. e3 e6 5. d4 d5 6. cxd5 exd5 7. Bb5 cxd4 8.
exd4 Bd6 9. O-O O-O 10. Bg5 Bg4 11. Bxc6 bxc6 12. h3 Bh5 13. g4 Bg6 14. Ne5 Qc7
15. Nxg6 fxg6 16. Rc1 Qf7 17. Qf3 Qb7 18. Bxf6 Rxf6 19. Qe2 Raf8 20. g5 R6f7
21. Rc2 Qd7 22. Qg4 Rf5 23. Ne2 Qe7 24. h4 Bf4 25. Rxc6 Qd7 26. Nxf4 Qxc6 27.
Nd3 Qc2 28. Qd1 Qc4 29. Nc5 Qxa2 30. Qe2 Qc4 31. Qxc4 dxc4 32. Kg2 h6 33. gxh6
gxh6 34. f3 Rb8 35. Rf2 Rd5 36. Rd2 Rbd8 37. Re2 Rxd4 38. Re7 Rd2+ 39. Kg3 Rxb2
40. Ne6 Rdd2 0-1

[Event "Split Open 2016"]
[Site "Split CRO"]
[Date "2016.08.15"]
[Round "4.15"]
[White "Plenkovic, Zdenko"]
[Black "Malinovsky, Ilya"]
[Result "1-0"]
[WhiteElo "2409"]
[BlackElo "2069"]
[PlyCount "51"]
[EventDate "2016.08.13"]
[EventType "swiss"]
[EventRounds "9"]
[EventCountry "CRO"]
[SourceTitle "Ajedrez en Madrid"]
[Source "lmi"]
[SourceDate "2016.08.13"]
[SourceVersion "1"]
[SourceVersionDate "2018.03.10"]
[SourceQuality "1"]

1. g3 e6 2. Bg2 d5 3. d3 f5 4. Nd2 Nf6 5. e4 Bd6 6. exf5 exf5 7. Ne2 O-O 8. Nf3
c6 9. O-O Na6 10. Bf4 Nc7 11. Qd2 Ne6 12. Bxd6 Qxd6 13. Ng5 h6 14. Nxe6 Bxe6
15. Rae1 g5 16. Nd4 Bd7 17. f4 Qc5 18. c3 g4 19. Re5 Ne8 20. Rfe1 Ng7 21. Qe3
Qd6 22. c4 dxc4 23. dxc4 Rfc8 24. Qc3 h5 25. c5 Qc7 26. Re7 1-0

[Event "Split Open 2016"]
[Site "Split CRO"]
[Date "2016.08.15"]
[Round "4.17"]
[White "Van Veenendaal, Elmer"]
[Black "Drnovšek, Gal"]
[Result "0-1"]
[WhiteElo "2038"]
[BlackElo "2367"]
[PlyCount "105"]
[EventDate "2016.08.13"]
[EventType "swiss"]
[EventRounds "9"]
[EventCountry "CRO"]
[SourceTitle "Ajedrez en Madrid"]
[Source "lmi"]
[SourceDate "2016.08.13"]
[SourceVersion "1"]
[SourceVersionDate "2018.03.10"]
[SourceQuality "1"]

1. Nf3 c5 2. g3 d5 3. Bg2 Nf6 4. O-O e6 5. d3 Nc6 6. Nbd2 Be7 7. e4 b6 8. Re1
Bb7 9. b3 O-O 10. Bb2 Qc7 11. c3 Rfd8 12. Qc2 Ba6 13. Bf1 Rd7 14. e5 Ng4 15. d4
Bxf1 16. Nxf1 cxd4 17. cxd4 Nb4 18. Qd2 Qc2 19. Re2 Qxd2 20. Rxd2 Rc8 21. h3
Nh6 22. Ne3 Rdc7 23. Ne1 f6 24. a3 Nc6 25. exf6 Bxf6 26. b4 Ne7 27. Nd3 Nhf5
28. Nxf5 Nxf5 29. Nf4 Rc2 30. Rad1 Kf7 31. Ng2 Bg5 32. f4 Bf6 33. g4 Rxb2 34.
Rxb2 Bxd4+ 35. Kh2 Bxb2 36. gxf5 Rc3 37. fxe6+ Kxe6 38. a4 Rb3 39. Re1+ Kd6 40.
b5 Bf6 41. Rc1 Rc3 42. Rd1 d4 43. Ne1 Kd5 44. Kg2 Ke4 45. Ra1 d3 46. Ra2 Bh4
47. Nf3 Rc2+ 48. Rxc2 dxc2 49. Nd2+ Kd3 50. Nb3 Bf6 51. Nc1+ Ke3 52. Kg3 Bb2
53. Nb3 0-1

[Event "Split Open 2016"]
[Site "Split CRO"]
[Date "2016.08.15"]
[Round "4.18"]
[White "Glavicic, Tino"]
[Black "Ostovic, Matija"]
[Result "0-1"]
[WhiteElo "2049"]
[BlackElo "2352"]
[PlyCount "74"]
[EventDate "2016.08.13"]
[EventType "swiss"]
[EventRounds "9"]
[EventCountry "CRO"]
[SourceTitle "Ajedrez en Madrid"]
[Source "lmi"]
[SourceDate "2016.08.13"]
[SourceVersion "1"]
[SourceVersionDate "2018.03.10"]
[SourceQuality "1"]

1. d4 Nf6 2. c4 g6 3. Nc3 d5 4. Nf3 Bg7 5. cxd5 Nxd5 6. Bd2 O-O 7. e4 Nb6 8.
Be3 Bg4 9. Be2 Bxf3 10. Bxf3 Nc4 11. Qe2 Nxe3 12. fxe3 c5 13. e5 Nc6 14. Bxc6
bxc6 15. Rd1 Rb8 16. O-O cxd4 17. exd4 Rb4 18. Qf2 f6 19. d5 fxe5 20. dxc6 Rd4
21. Qe3 Qd6 22. Rxf8+ Bxf8 23. Qf3 e4 24. Rxd4 Qxd4+ 25. Qf2 e3 26. Qe2 e6 27.
Kf1 Bc5 28. Qf3 Qd3+ 29. Qe2 Qd6 30. Qf3 Qxh2 31. Ne4 Qh1+ 32. Ke2 Qc1 33. c7
Qxb2+ 34. Kf1 Qc1+ 35. Ke2 Qc4+ 36. Kd1 Qd3+ 37. Ke1 Bb4+ 0-1

[Event "Split Open 2016"]
[Site "Split CRO"]
[Date "2016.08.15"]
[Round "4.19"]
[White "Ladisic, Alex-Sacha"]
[Black "Rodi, Luis Ernesto"]
[Result "1/2-1/2"]
[WhiteElo "2036"]
[BlackElo "2344"]
[PlyCount "66"]
[EventDate "2016.08.13"]
[EventType "swiss"]
[EventRounds "9"]
[EventCountry "CRO"]
[SourceTitle "Ajedrez en Madrid"]
[Source "lmi"]
[SourceDate "2016.08.13"]
[SourceVersion "1"]
[SourceVersionDate "2018.03.10"]
[SourceQuality "1"]

1. e4 e5 2. Nf3 Nc6 3. Bb5 a6 4. Ba4 Nf6 5. O-O b5 6. Bb3 Bb7 7. d3 Be7 8. Re1
O-O 9. Nbd2 d6 10. c3 Na5 11. Bc2 c5 12. Nf1 Nc6 13. Ng3 g6 14. Bh6 Re8 15. Qd2
Ng4 16. Bg5 f6 17. Be3 Bf8 18. d4 Nxe3 19. fxe3 Qe7 20. a4 Qc7 21. Qf2 Bg7 22.
h4 h5 23. Rec1 Ne7 24. Bd3 Bc6 25. b3 Qb7 26. Ra2 Kh7 27. Re1 Ng8 28. Qe2 Nh6
29. dxe5 dxe5 30. Nh2 c4 31. axb5 axb5 32. bxc4 bxc4 33. Bxc4 Rxa2 1/2-1/2

[Event "Split Open 2016"]
[Site "Split CRO"]
[Date "2016.08.16"]
[Round "5.1"]
[White "Kozul, Zdenko"]
[Black "Martinovic, Saša"]
[Result "1/2-1/2"]
[WhiteElo "2619"]
[BlackElo "2560"]
[PlyCount "70"]
[EventDate "2016.08.13"]
[EventType "swiss"]
[EventRounds "9"]
[EventCountry "CRO"]
[SourceTitle "Ajedrez en Madrid"]
[Source "lmi"]
[SourceDate "2016.08.13"]
[SourceVersion "1"]
[SourceVersionDate "2018.03.10"]
[SourceQuality "1"]

1. c4 e6 2. g3 d5 3. Bg2 Nf6 4. Nf3 dxc4 5. Qa4+ Bd7 6. Qxc4 c5 7. Ne5 Qc8 8.
Nxd7 Qxd7 9. b3 Nc6 10. Bb2 Be7 11. d3 Rc8 12. Nd2 O-O 13. Nf3 Rfd8 14. O-O Nd4
15. Rfe1 b5 16. Qc1 Nd5 17. Qd2 Bf6 18. Rac1 h6 19. Nxd4 cxd4 20. Bxd5 Qxd5 21.
Rxc8 Rxc8 22. Rc1 Rc6 23. Rc2 e5 24. Rxc6 Qxc6 25. Qc1 Qxc1+ 26. Bxc1 Kf8 27.
g4 Ke7 28. Ba3+ Kd7 29. Bf8 Ke8 30. Bc5 a6 31. Kg2 Bg5 32. h3 g6 33. Bd6 f6 34.
Ba3 Kd7 35. Bf8 h5 1/2-1/2

[Event "Split Open 2016"]
[Site "Split CRO"]
[Date "2016.08.16"]
[Round "5.3"]
[White "Plenca, Julijan"]
[Black "Tomazini, Aljoša"]
[Result "1/2-1/2"]
[WhiteElo "2410"]
[BlackElo "2365"]
[PlyCount "77"]
[EventDate "2016.08.13"]
[EventType "swiss"]
[EventRounds "9"]
[EventCountry "CRO"]
[SourceTitle "Ajedrez en Madrid"]
[Source "lmi"]
[SourceDate "2016.08.13"]
[SourceVersion "1"]
[SourceVersionDate "2018.03.10"]
[SourceQuality "1"]

1. e4 c5 2. Nf3 e6 3. g3 Nc6 4. Bg2 Nf6 5. Qe2 e5 6. O-O Be7 7. c3 O-O 8. d4
cxd4 9. cxd4 exd4 10. e5 Ne8 11. Rd1 d6 12. Nxd4 Nxd4 13. Rxd4 Qb6 14. exd6
Bxd6 15. Rh4 Nf6 16. Nc3 Re8 17. Be3 Qa5 18. Qd3 Be5 19. Ra4 Qc7 20. Rc4 Qd8
21. Qxd8 Rxd8 22. Ra4 a6 23. Rb4 Rb8 24. Re1 Be6 25. Bg5 Bxc3 26. bxc3 b5 27.
Rb2 Rd3 28. f4 Rbd8 29. Bb7 Rxc3 30. Bxa6 Ra3 31. Bxb5 Rxa2 32. Rxa2 Bxa2 33.
Ba4 Rd3 34. Bxf6 gxf6 35. Bc6 Rd2 36. Bf3 Kg7 37. h3 Bd5 38. Bxd5 Rxd5 39. Kg2
1/2-1/2

[Event "Split Open 2016"]
[Site "Split CRO"]
[Date "2016.08.16"]
[Round "5.4"]
[White "Verdaguer Muntanya, Marc"]
[Black "Šale, Srdan"]
[Result "0-1"]
[WhiteElo "2062"]
[BlackElo "2420"]
[PlyCount "120"]
[EventDate "2016.08.13"]
[EventType "swiss"]
[EventRounds "9"]
[EventCountry "CRO"]
[SourceTitle "Ajedrez en Madrid"]
[Source "lmi"]
[SourceDate "2016.08.13"]
[SourceVersion "1"]
[SourceVersionDate "2018.03.10"]
[SourceQuality "1"]

1. d4 g6 2. Nf3 Bg7 3. Nc3 d6 4. e4 a6 5. Be3 b5 6. a3 Bb7 7. Qd2 Nd7 8. Be2
Rc8 9. O-O c5 10. Rad1 cxd4 11. Nxd4 Ngf6 12. f3 O-O 13. Bh6 Bxh6 14. Qxh6 Qb6
15. Kh1 Rc5 16. Qh4 Rfc8 17. Qf2 Qc7 18. Nb3 Re5 19. Bd3 Nc5 20. Nxc5 Rxc5 21.
a4 b4 22. Ne2 d5 23. exd5 Nxd5 24. b3 Qe5 25. Rde1 Qf6 26. Ng3 R5c7 27. Ne4 Qf4
28. Ng3 a5 29. Re4 Qf6 30. Rc4 Nf4 31. Rxc7 Rxc7 32. Bc4 Rd7 33. Qe3 Qd4 34.
Qxd4 Rxd4 35. Kg1 Kf8 36. Rf2 Bd5 37. Bb5 e6 38. Nf1 Rd1 39. Rd2 Rc1 40. Kf2
Ke7 41. Ne3 Nh5 42. Rd1 Rxd1 43. Nxd1 Nf6 44. Ne3 Kd6 45. Ke2 Kc5 46. Kd3 g5
47. h3 h5 48. Ba6 h4 49. Bb5 Nh5 50. Kd2 Nf4 51. Bf1 Kd4 52. Ng4 e5 53. Ne3 Be6
54. Nd1 f5 55. Ke1 Bd7 56. Kf2 Nd5 57. Bc4 Nc3 58. Ne3 f4 59. Nf1 Nxa4 60. Nd2
Nc5 0-1

[Event "Split Open 2016"]
[Site "Split CRO"]
[Date "2016.08.16"]
[Round "5.5"]
[White "Von Bahr, Oskar"]
[Black "Katavic, Borivoj"]
[Result "1-0"]
[WhiteElo "2378"]
[BlackElo "2168"]
[PlyCount "83"]
[EventDate "2016.08.13"]
[EventType "swiss"]
[EventRounds "9"]
[EventCountry "CRO"]
[SourceTitle "Ajedrez en Madrid"]
[Source "lmi"]
[SourceDate "2016.08.13"]
[SourceVersion "1"]
[SourceVersionDate "2018.03.10"]
[SourceQuality "1"]

1. e4 c5 2. Nf3 Nc6 3. Bb5 a6 4. Bxc6 bxc6 5. O-O d6 6. h3 e6 7. e5 d5 8. d3
Ne7 9. c4 Ng6 10. Nc3 Be7 11. b3 f6 12. Na4 fxe5 13. Bb2 Bd6 14. Re1 O-O 15.
Nxe5 d4 16. Nxg6 hxg6 17. Ba3 Qa5 18. Re2 Rf5 19. Qd2 Qd8 20. Re4 Ra7 21. Rg4
g5 22. Re1 Raf7 23. Re2 Bd7 24. Qd1 R7f6 25. Rxd4 Bg3 26. Rxd7 Qxd7 27. Nxc5
Qc7 28. fxg3 Rf1+ 29. Qxf1 Rxf1+ 30. Kxf1 Qa5 31. Na4 Qf5+ 32. Ke1 Qxd3 33. g4
e5 34. Be7 Qg3+ 35. Kd2 Qf4+ 36. Kc2 Qf1 37. Nc3 Qf7 38. Bd6 Qg6+ 39. Ne4 Qe6
40. Rf2 Qd7 41. Rf5 Qa7 42. Nxg5 1-0